Normal view
MARC view
- تأليف: نمر، كمال كامل عبدالحميد
Entry Personal Name
001 - CONTROL NUMBER
- control field: 8145
003 - CONTROL NUMBER IDENTIFIER
- control field: JO-AjAnu
005 - DATE AND TIME OF LATEST TRANSACTION
- control field: 20230606071620.0
008 - FIXED-LENGTH DATA ELEMENTS
- fixed length control field: 230606|| aca||aabn | a|a d
040 ## - CATALOGING SOURCE
- Original cataloging agency: JO-AjAnu
- Transcribing agency: JO-AjAnu
100 ## - HEADING--PERSONAL NAME
- Personal name: تأليف: نمر، كمال كامل عبدالحميد
670 ## - SOURCE DATA FOUND
- Source citation: Work cat.: (JO-AjAnu)4208: تأليف: نمر، كمال كامل عبدالحميد, author, دور الجمعيات النسائية في مكافحة الامية